000 00299nam a22001337a 4500
008 170427b xxu||||| |||| 00| 0 eng d
020 _a9781429255226
041 _aeng
080 _23 ED
_a54
100 _a12
101 _aSHM
245 _aINVESTIGATING CHEMISTRY
_cJOHLL.M.E
942 _2udc
_cBK
999 _c12227
_d12227